| 000 | 00000nam##2200000za#4500 |
| 001 | 9.679622 |
| 003 | CaOODSP |
| 005 | 20220107134006 |
| 007 | ta |
| 008 | 150407|1996||||xxc||||| f|0| 0 fre|d |
| 020 | |a0-662-80590-9 |
| 040 | |aCaOODSP|bfre |
| 043 | |an-cn--- |
| 086 | 1 |aH72-21/140-1996F |
| 110 | 2 |aCentre national d'information sur la violence dans la famille (Canada) |
| 245 | 13|aLa violence dans la fréquentations: un risque à tout âge: sensibilisation du personnel en milieu de travail : |bun guide pour les gens qui veulent se réunir afin de discuter des problèmes de violence dans les fréquentations / |cpar Flora MacLeod et Brenda Dafoe. |
| 260 | |aOttawa - Ontario : |bSanté Canada. |c1996. |
| 300 | |a41p. en pagination multiple. : |bréférences ; |c28 cm. |
| 563 | |aCouverture souple |
| 590 | |a96-17|b1996-04-26 |
| 691 | 07|aViolence faite aux femmes|2gcpds |
| 720 | 1 |aMacLeod, Flora |
| 720 | 1 |aDafoe, Brenda |
| 775 | 08|tDating violence: an issue at any age: awareness information for people in the workplace : |w(CaOODSP)9.646025 |
| 776 | 0#|tLa violence dans les fréquentations - un risque à tout âge : |w(CaOODSP)9.639832 |